000 00399nam a22001697a 4500
003 OSt
005 20251027113935.0
007 830 pages
008 251027b |||||||| |||| 00| 0 eng d
020 _a9788131713662
040 _c
082 _24
_a621.3815
_bWAK
245 _aDigital design
_cWakerly,John F
250 _a4
260 _bPearson
_cPearson
942 _2ddc
_cBK
_e4
_k621.3815
_mWAK
_n0
999 _c36270
_d36270